First Names of TV Detectives - Statistics

General Stats
  • This quiz has been taken 87 times
  • The average score is 7 of 15
Answer Stats
Hint Answer % Correct
Holmes Sherlock
97%
Poirot Hercule
89%
Rockford Jim
67%
Magnum Thomas
54%
Tennison Jane
47%
Fletcher Jessica
46%
Morse Endeavour
43%
Friday Joe
43%
Gunn Peter
42%
Monk Adrian
32%
Castle Richard
32%
Mars Veronica
28%
Gibbs Leroy
26%
Benson Olivia
26%
Campion Albert
25%
No matching quizzes found
Score Distribution
Percent of People with Each Score
Percentile by Number Answered
Your Score History
You have not taken this quiz